00319nam a2200133Ia 4500008004100000020001500041041001200056082001600068100001500084245003700099260002500136300000800161650001600169221030s9999 xx 000 0 und d a8120316312 aEnglish a105.23bLib aJ. Liberty 0aC ++ From Scratchcby J. Liberty bPHIaNew Delhic2000 a417 aBE Computer